[Event "Coupe 2000 Phase Ligue"]
[Site "?"]
[Date "2003.02.23"]
[Round "3.11"]
[White "Valla, Nicolas"]
[Black "Covolo, Thierry"]
[Result "1/2-1/2"]
[WhiteElo "1990"]
[BlackElo "1960"]
[PlyCount "40"]
[EventDate "2003.??.??"]

{SAINT-CHAMOND I           BRON    VALLA N   1990   X-X   COVOLO T   1960   
BEDNAR E   1970   0-1   BURDET F   1950    BELLON Y   1860   X-X   DIDIER E  
1930    MUJIC S   1770   X-X   FOUR P   1870     } 1. e4 c5 2. c3 d5 3. exd5
Qxd5 4. d4 cxd4 5. cxd4 Nc6 6. Nf3 Bg4 7. Be2 e6 8. O-O Nf6 9. Nc3 Qd8 10. Qa4
Bd6 11. Ne5 Bxe5 12. dxe5 Bxe2 13. Nxe2 Nd7 14. f4 O-O 15. Be3 Nb6 16. Qb3 Qd5
17. Bxb6 Qxb3 18. axb3 axb6 19. Rxa8 Rxa8 20. Rd1 Rd8 1/2-1/2

[Event "Coupe 2000 Phase Ligue"]
[Site "?"]
[Date "2003.02.23"]
[Round "3.13"]
[White "Bellon, Yves"]
[Black "Didier, Eric"]
[Result "1/2-1/2"]
[WhiteElo "1860"]
[BlackElo "1930"]
[PlyCount "69"]
[EventDate "2003.??.??"]

{SAINT-CHAMOND I           BRON    VALLA N   1990   X-X   COVOLO T   1960   
BEDNAR E   1970   0-1   BURDET F   1950    BELLON Y   1860   X-X   DIDIER E  
1930    MUJIC S   1770   X-X   FOUR P   1870     } 1. c4 Nf6 2. Nc3 g6 3. e4 d6
4. d4 Bg7 5. f4 O-O 6. Nf3 Na6 7. Be2 c5 8. d5 Re8 9. e5 Ng4 10. h3 Nh6 11. O-O
Nf5 12. Kh2 Nc7 13. a4 e6 14. g4 Nd4 15. exd6 Qxd6 16. Ne4 Qb6 17. d6 Na6 18.
Ne5 Rd8 19. Bd2 f5 20. gxf5 exf5 21. Ng5 Rxd6 22. Ngf7 Rf6 23. Ng5 Rf8 24. Bc3
Qd6 25. Bxd4 cxd4 26. Ngf3 Rd8 27. Ra3 Nc5 28. Bd3 Nd7 29. Re1 Nxe5 30. Nxe5
Bxe5 31. Rxe5 Qc7 32. c5 Bd7 33. Bc4+ 33... Kf8 {(nulle ?)} 34. Rd3 Re8 35. Qe2
1/2-1/2

[Event "Coupe 2000 Phase Ligue"]
[Site "?"]
[Date "2003.02.23"]
[Round "3.14"]
[White "Four, Pierrick"]
[Black "Mujic, Saban"]
[Result "1/2-1/2"]
[WhiteElo "1870"]
[BlackElo "1770"]
[PlyCount "105"]
[EventDate "2003.??.??"]

{SAINT-CHAMOND I           BRON    VALLA N   1990   X-X   COVOLO T   1960   
BEDNAR E   1970   0-1   BURDET F   1950    BELLON Y   1860   X-X   DIDIER E  
1930    MUJIC S   1770   X-X   FOUR P   1870     } 1. e4 c5 2. c3 d6 3. d4 cxd4
4. cxd4 e6 5. Nc3 Nf6 6. Nf3 Be7 7. Bd3 a6 8. O-O Nc6 9. h3 O-O 10. Be3 b5 11.
Qd2 Bb7 12. Ne2 Rc8 13. Ng3 Qa5 14. Qe2 Qc7 15. Rfc1 Qd7 16. a3 Na5 17. Nd2
Rxc1+ 18. Rxc1 Rc8 19. Qd1 Rxc1 20. Qxc1 Qc8 21. Qxc8+ Bxc8 22. b4 Nc6 23. Nb3
Nd7 24. f4 f6 25. d5 exd5 26. exd5 Nd8 27. Ne4 g6 28. Na5 f5 29. Nc3 Bf6 30.
Nd1 h5 31. Be2 {(nulle ?)} 31... Kf7 32. Nc6 Bb7 33. Bf3 Ke8 34. Bd2 Nb6 35.
Bc3 Bxc3 36. Nxc3 Nc4 37. a4 bxa4 38. Nxa4 Kd7 39. Nxd8 Kxd8 40. Nc3 Kd7 41.
Kf2 a5 42. bxa5 Nxa5 43. g4 hxg4 44. hxg4 Ke7 45. Nd1 fxg4 46. Bg2 Nc4 47. Kg3
Bc8 48. Bf1 Nb6 49. Ne3 Kf6 50. Bg2 g5 51. Nxg4+ Bxg4 52. Kxg4 gxf4 53. Kxf4
1/2-1/2

[Event "Coupe 2000 Phase Ligue"]
[Site "?"]
[Date "2003.02.23"]
[Round "3.21"]
[White "Valet, Godeffroy"]
[Black "Almagro, Luc"]
[Result "1-0"]
[WhiteElo "1750"]
[BlackElo "1947"]
[PlyCount "95"]
[EventDate "2003.??.??"]

{AUREC                        CORBAS    VALET G   1750   1-0   ALMAGRO L  
1947    VALJAN B   1740   X-X   ROUSSEL P-O   1820    CHABAS J-L   1630   0-1 
TARTARIN D   1800    MIALON F   1280   0-1   AGIER J-L   1820     } 1. e4 c6 2.
d4 d5 3. exd5 cxd5 4. Bd3 Nc6 5. c3 Nf6 6. Bf4 e6 7. Nf3 Be7 8. Nbd2 O-O 9. O-O
Nh5 10. Be3 Nf6 11. Qc2 Qc7 12. Bg5 h6 13. Bh4 Ne8 14. Bxe7 Qxe7 15. Rfe1 Bd7
16. Nf1 Rc8 17. a3 Nd6 18. Ne3 Qd8 19. Ng4 Ne7 20. Nfe5 Bb5 21. Bxb5 Nxb5 22.
Qd2 Nf5 23. Qe2 Nbd6 24. Ne3 Qe7 25. N5g4 Qg5 26. g3 Rfe8 27. f4 Qd8 28. Ne5
Nxe3 29. Qxe3 Ne4 30. Qe2 Kh7 31. Nxf7 Qf6 32. Ne5 Qf5 33. Qg4 Qxg4 34. Nxg4
Rc6 35. Re2 Rb6 36. Rae1 Kg6 37. Nf2 Nxf2 38. Kxf2 Kf6 39. g4 Rc8 40. Kg3 Rcc6
41. h4 Rb3 42. g5+ hxg5 43. hxg5+ Kf7 44. Kg4 Rcb6 45. f5 exf5+ 46. Kxf5 g6+
47. Kg4 Rxb2 48. Re7+ 1-0

[Event "Coupe 2000 Phase Ligue"]
[Site "?"]
[Date "2003.02.23"]
[Round "3.22"]
[White "Roussel, Pierre-Olivier"]
[Black "Valjan, Berislav"]
[Result "1/2-1/2"]
[WhiteElo "1820"]
[BlackElo "1740"]
[PlyCount "115"]
[EventDate "2003.??.??"]

{AUREC                        CORBAS    VALET G   1750   1-0   ALMAGRO L  
1947    VALJAN B   1740   X-X   ROUSSEL P-O   1820    CHABAS J-L   1630   0-1 
TARTARIN D   1800    MIALON F   1280   0-1   AGIER J-L   1820     } 1. e4 c5 2.
Nf3 Nc6 3. d4 cxd4 4. Nxd4 d6 5. Nc3 a6 6. Bc4 e6 7. Be3 Nf6 8. f3 Be7 9. Qd2
Bd7 10. Nxc6 Bxc6 11. Bb3 b5 12. O-O-O O-O 13. h4 a5 14. a3 a4 15. Ba2 Qa5 16.
Ne2 Qxd2+ 17. Rxd2 d5 18. exd5 Bxd5 19. Bxd5 Nxd5 20. Bd4 b4 21. axb4 Bxb4 22.
c3 Rfc8 23. Kb1 Bc5 24. Bxc5 Rxc5 25. Rc1 f6 26. Ka2 e5 27. Ng3 Rb8 28. Ne4 Ra5
29. Rcd1 Ne3 30. Rd8+ Rxd8 31. Rxd8+ Kf7 32. Rd7+ Kg6 33. g4 Ra6 34. h5+ Kh6
35. Nd6 g6 36. Nf7+ Kg7 37. Nxe5+ Kg8 38. Nf7 gxh5 39. Nh6+ Kh8 40. gxh5 f5 41.
Nf7+ Kg7 42. Ng5+ Kh6 43. Nxh7 Kxh5 44. Nf8 Kg5 45. Re7 Kf4 46. Ne6+ Kxf3 47.
Nd4+ Kf4 48. Re6 Ra8 49. Ne2+ Kf3 50. Nd4+ Kf4 51. Ka3 Ra7 52. Kb4 Nd5+ 53. Kc5
Ne3 54. Kb6 Ra8 55. Kb7 Ra5 56. Ra6 Rxa6 57. Kxa6 Nc4 58. Kb5 1/2-1/2

[Event "Coupe 2000 Phase Ligue"]
[Site "?"]
[Date "2003.02.23"]
[Round "3.23"]
[White "Chabas, Jean-Luc"]
[Black "Tartarin, Didier"]
[Result "0-1"]
[WhiteElo "1630"]
[BlackElo "1800"]
[PlyCount "78"]
[EventDate "2003.??.??"]

{AUREC                        CORBAS    VALET G   1750   1-0   ALMAGRO L  
1947    VALJAN B   1740   X-X   ROUSSEL P-O   1820    CHABAS J-L   1630   0-1 
TARTARIN D   1800    MIALON F   1280   0-1   AGIER J-L   1820     } 1. e4 e5 2.
Nf3 Nc6 3. Bb5 a6 4. Ba4 Nf6 5. O-O b5 6. Bb3 Be7 7. Re1 d6 8. h3 O-O 9. c3 Na5
10. Bc2 c5 11. d4 Qc7 12. Nbd2 Be6 13. d5 Bd7 14. Nf1 c4 15. Ng3 Nb7 16. Be3
Nc5 17. Bxc5 Qxc5 18. Qe2 a5 19. Qe3 Qxe3 20. Rxe3 Rfc8 21. Rd1 b4 22. Rd2 Rab8
23. Bd1 a4 24. cxb4 Rxb4 25. Rc3 Rcb8 26. Rcc2 Bd8 27. Be2 Ba5 28. Bd1 a3 29.
Rc1 Rxb2 30. Rxb2 axb2 31. Rb1 g6 32. Bc2 c3 33. Ne1 Bb5 34. Bb3 h5 35. f3 Bb6+
36. Kh2 h4 37. Nh1 Nh5 38. g3 hxg3+ 39. Nxg3 Nf4 0-1

[Event "Coupe 2000 Phase Ligue"]
[Site "?"]
[Date "2003.02.23"]
[Round "3.24"]
[White "Augier, Jean-Luc"]
[Black "Mialon, Franck"]
[Result "1-0"]
[WhiteElo "1820"]
[BlackElo "1280"]
[PlyCount "73"]
[EventDate "2003.??.??"]

{AUREC                        CORBAS    VALET G   1750   1-0   ALMAGRO L  
1947    VALJAN B   1740   X-X   ROUSSEL P-O   1820    CHABAS J-L   1630   0-1 
TARTARIN D   1800    MIALON F   1280   0-1   AGIER J-L   1820     } 1. e4 e5 2.
Nf3 Nc6 3. Bb5 d6 4. O-O Bg4 5. d3 Nf6 6. h3 Bxf3 7. Qxf3 Be7 8. c3 O-O 9. Be3
a6 10. Ba4 b5 11. Bc2 a5 12. Nd2 a4 13. Rfd1 d5 14. Nf1 d4 15. cxd4 exd4 16.
Bd2 Ne5 17. Qg3 Bd6 18. f4 Qe7 19. fxe5 Bxe5 20. Qf2 Qd6 21. Bg5 Nh5 22. g4 Ng3
23. Nxg3 Bxg3 24. Qe2 h6 25. Bd2 f5 26. gxf5 Rae8 27. Qg4 Bh2+ 28. Kh1 h5 29.
Qg2 Be5 30. Rg1 Rf7 31. Rac1 Rfe7 32. Bd1 Bf6 33. Bg5 Rf7 34. Bxf6 Qxf6 35. Rc2
Qh4 36. Rc6 Kh7 37. Rg6 1-0

[Event "Coupe 2000 Phase Ligue"]
[Site "?"]
[Date "2003.02.23"]
[Round "3.31"]
[White "Burtin, Laurent"]
[Black "Darcet, Bruno"]
[Result "1-0"]
[WhiteElo "1930"]
[BlackElo "1730"]
[PlyCount "95"]
[EventDate "2003.??.??"]

{MONTREVEL                     GENAS    BURTIN L   1930   1-0   DARCET B  
1730    WLASSEWITCH S   1920   0-1   ALVAREZ S   1980    CHEBANCE B   1890  
1-0   DUBOIS H   1880    SAINT-SULPICE X   1620   X-X   COUHERT A   1730     } 
1. e4 e6 2. d3 d5 3. Nd2 dxe4 4. Nxe4 Nd7 5. b3 Ngf6 6. Bb2 Be7 7. Nf3 b6 8.
Be2 Bb7 9. h3 Nxe4 10. dxe4 Bxe4 11. O-O Bf6 12. c3 Qe7 13. Nd2 Bb7 14. Bf3 c6
15. Ne4 Rd8 16. Nd6+ Kf8 17. Nxb7 Rb8 18. Nd6 Rd8 19. Ne4 Nc5 20. Qc2 Nd3 21.
Nxf6 Qxf6 22. Ba3+ c5 23. Rad1 Nf4 24. Rxd8+ Qxd8 25. Rd1 Qc7 26. Qe4 Nd5 27.
Bb2 Ke7 28. c4 Nf6 29. Qe5 Rc8 30. Qxc7+ Rxc7 31. Be5 Rd7 32. Rxd7+ Kxd7 33.
Kf1 Ne8 34. g4 f6 35. Bb2 Kd6 36. Be4 h6 37. Ke2 Nc7 38. h4 e5 39. Ke3 Ne6 40.
Bf5 Nf4 41. Kf3 g6 42. Bb1 g5 43. hxg5 hxg5 44. Bc1 Ne6 45. Be3 Ke7 46. Ke4 Kd6
47. Kf5 Ke7 48. Ke4 1-0

[Event "Coupe 2000 Phase Ligue"]
[Site "?"]
[Date "2003.02.23"]
[Round "3.32"]
[White "Alvarez, Stephane"]
[Black "Wlassewitch, Sylvain"]
[Result "1-0"]
[WhiteElo "1980"]
[BlackElo "1920"]
[PlyCount "85"]
[EventDate "2003.??.??"]

{MONTREVEL                     GENAS    BURTIN L   1930   1-0   DARCET B  
1730    WLASSEWITCH S   1920   0-1   ALVAREZ S   1980    CHEBANCE B   1890  
1-0   DUBOIS H   1880    SAINT-SULPICE X   1620   X-X   COUHERT A   1730     } 
1. e4 b6 2. d4 Bb7 3. Nc3 e6 4. Nf3 Nf6 5. Bg5 Be7 6. Bd3 h6 7. Bf4 Bb4 8. Qe2
Bxc3+ 9. bxc3 Nc6 10. d5 Ne7 11. c4 O-O 12. O-O Ng6 13. Bd2 Re8 14. e5 exd5 15.
Bxg6 fxg6 16. Qd3 dxc4 17. Qxg6 Be4 18. Qg3 Nh5 19. Qg4 Bxf3 20. Qxf3 Rxe5 21.
Rfe1 Rxe1+ 22. Rxe1 Nf6 23. g4 c6 24. h4 Qf8 25. Re5 Qd6 26. Bf4 Qd4 27. g5 Nh5
28. Qxh5 Qxf4 29. Re8+ Rxe8 30. Qxe8+ Qf8 31. Qxd7 Qf7 32. Qxc6 hxg5 33. hxg5
Kh7 34. Qe4+ Qg6 35. Qh4+ Kg8 36. Qxc4+ Qf7 37. Qe4 Qxa2 38. g6 Qa1+ 39. Kg2
Qf6 40. Qe8+ Qf8 41. Qe6+ Kh8 42. Qh3+ Kg8 43. Qh7# 1-0

[Event "Coupe 2000 Phase Ligue"]
[Site "?"]
[Date "2003.02.23"]
[Round "3.33"]
[White "Chebance, Benoit"]
[Black "Dubois, Herve"]
[Result "1-0"]
[WhiteElo "1890"]
[BlackElo "1880"]
[PlyCount "67"]
[EventDate "2003.??.??"]

{MONTREVEL                     GENAS    BURTIN L   1930   1-0   DARCET B  
1730    WLASSEWITCH S   1920   0-1   ALVAREZ S   1980    CHEBANCE B   1890  
1-0   DUBOIS H   1880    SAINT-SULPICE X   1620   X-X   COUHERT A   1730     } 
1. e4 c5 2. Nf3 d6 3. d4 cxd4 4. Nxd4 Nf6 5. Nc3 a6 6. f3 g6 7. Be3 Bg7 8. Bc4
b5 9. Bb3 Bb7 10. Qd2 Nbd7 11. O-O-O Ne5 12. h4 Rc8 13. g4 Nc4 14. Bxc4 Rxc4
15. h5 b4 16. Nce2 Nxg4 17. hxg6 hxg6 18. Rxh8+ Bxh8 19. Rh1 Kd7 20. fxg4 Bxe4
21. Rf1 f5 22. gxf5 gxf5 23. b3 Rc7 24. Qxb4 Qg8 25. Nc3 Qg2 26. Rf2 Qg1+ 27.
Kb2 Qe1 28. Re2 Qg3 29. Nxe4 fxe4 30. Qa4+ Kd8 31. Qxa6 Qe5 32. Rg2 Bg7 33. Kb1
Qf6 34. Rxg7 1-0

[Event "Coupe 2000 Phase Ligue"]
[Site "?"]
[Date "2003.02.23"]
[Round "3.34"]
[White "Couhert, Alexandre"]
[Black "Saint-Sulpice, Xavier"]
[Result "1/2-1/2"]
[WhiteElo "1730"]
[BlackElo "1620"]
[PlyCount "122"]
[EventDate "2003.??.??"]

{MONTREVEL                     GENAS    BURTIN L   1930   1-0   DARCET B  
1730    WLASSEWITCH S   1920   0-1   ALVAREZ S   1980    CHEBANCE B   1890  
1-0   DUBOIS H   1880    SAINT-SULPICE X   1620   X-X   COUHERT A   1730     } 
1. e4 c5 2. Nf3 g6 3. d4 cxd4 4. Nxd4 Bg7 5. Nc3 a6 6. Bc4 b5 7. Bd5 Ra7 8. Be3
Nf6 9. Nf5 Rc7 10. Nxg7+ Kf8 11. Nf5 gxf5 12. Bb6 fxe4 13. Bxc7 Qxc7 14. O-O
Nxd5 15. Nxd5 Qc6 16. Nb4 Qg6 17. Nd5 d6 18. Ne3 Bh3 19. f3 Rg8 20. Qe2 d5 21.
Kh1 exf3 22. Rxf3 Be6 23. Rg3 Qe4 24. Rxg8+ Kxg8 25. Qf2 Nd7 26. Qg3+ Kf8 27.
Rf1 Ne5 28. Rf4 Qg6 29. Qxg6 hxg6 30. Rd4 Nc4 31. Nxd5 Nxb2 32. Nc7 Bxa2 33.
Nxa6 Bc4 34. Nc7 Na4 35. Rd8+ Kg7 36. Rb8 Nc3 37. Ne8+ Kf8 38. Nd6+ Kg7 39.
Nxc4 bxc4 40. Rc8 e6 41. Rxc4 Nd5 42. Rd4 Kf6 43. c4 Nc7 44. c5 Nd5 45. Kg1 Ke7
46. Kf2 Kd7 47. Kf3 Kc6 48. Rc4 Nc7 49. Ke4 f6 50. g4 Na6 51. h4 Nxc5+ 52. Ke3
Kd5 53. Rd4+ Ke5 54. h5 gxh5 55. gxh5 Kf5 56. h6 Kg6 57. Rh4 Kh7 58. Kd4 Nb7
59. Re4 Kxh6 60. Rxe6 Kg5 61. Re7 Nd8 1/2-1/2

[Event "Coupe 2000 Phase Ligue"]
[Site "?"]
[Date "2003.02.23"]
[Round "3.41"]
[White "Pardon, Francois"]
[Black "Vincent, Jean-Christophe"]
[Result "0-1"]
[WhiteElo "1700"]
[BlackElo "1860"]
[PlyCount "58"]
[EventDate "2003.??.??"]

{MEXIMIEUX                   CASCOL    PARDON F   1700   0-1   VINCENT J-C  
1860    ERB Y   1720   1-0   MAS B   1650    MONTOYA A   1700   1-0   FAYOLLE
V   1620    BASTION G   1760   1-0   GROS E   1460     } 1. e4 a6 2. d4 e6 3.
Be3 b5 4. a4 b4 5. Nf3 Bb7 6. Nbd2 Nf6 7. Bd3 Be7 8. O-O d6 9. c4 bxc3 10. bxc3
Nbd7 11. Qe2 Qc8 12. c4 c5 13. d5 exd5 14. exd5 O-O 15. Bf5 Re8 16. Qd3 Qc7 17.
Ng5 g6 18. Bh3 Ne5 19. Qe2 Bf8 20. Rae1 a5 21. f4 Nxc4 22. Qxc4 Ba6 23. Qc3
Nxd5 24. Qb3 c4 25. Qa3 Nxe3 26. Rxe3 d5 27. Rxe8 Rxe8 28. Qf3 c3 29. Rc1 Qa7+
0-1

[Event "Coupe 2000 Phase Ligue"]
[Site "?"]
[Date "2003.02.23"]
[Round "3.42"]
[White "Mas, Bernard"]
[Black "Erb, Yves"]
[Result "0-1"]
[WhiteElo "1650"]
[BlackElo "1720"]
[PlyCount "48"]
[EventDate "2003.??.??"]

{MEXIMIEUX                   CASCOL    PARDON F   1700   0-1   VINCENT J-C  
1860    ERB Y   1720   1-0   MAS B   1650    MONTOYA A   1700   1-0   FAYOLLE
V   1620    BASTION G   1760   1-0   GROS E   1460     } 1. e4 e5 2. Nf3 Nc6 3.
d4 exd4 4. Nxd4 Bc5 5. Be3 Qf6 6. c3 Nge7 7. Qd2 d5 8. exd5 Nxd5 9. Nxc6 Qxc6
10. Bc4 Be6 11. Bxc5 Qxc5 12. Bxd5 Qxd5 13. O-O O-O-O 14. Qf4 g5 15. Qf6 h5 16.
h3 h4 17. Na3 g4 18. c4 Qh5 19. Qf4 gxh3 20. Nb5 Qc5 21. b4 Qb6 22. a4 Kb8 23.
a5 Qc6 24. Rfc1 Qxg2# 0-1

[Event "Coupe 2000 Phase Ligue"]
[Site "?"]
[Date "2003.02.23"]
[Round "3.43"]
[White "Montoya, Alain"]
[Black "Fayolle, Vincent"]
[Result "1-0"]
[WhiteElo "1700"]
[BlackElo "1620"]
[PlyCount "43"]
[EventDate "2003.??.??"]

{MEXIMIEUX                   CASCOL    PARDON F   1700   0-1   VINCENT J-C  
1860    ERB Y   1720   1-0   MAS B   1650    MONTOYA A   1700   1-0   FAYOLLE
V   1620    BASTION G   1760   1-0   GROS E   1460     } 1. e4 c6 2. d4 d5 3.
e5 Bf5 4. h4 h6 5. g4 Bd7 6. Bd3 e6 7. Be3 Qc7 8. Nh3 c5 9. c3 Nc6 10. Nd2 cxd4
11. cxd4 Qb6 12. Nb3 Bb4+ 13. Kf1 Be7 14. Nf4 f6 15. Ng6 fxe5 16. dxe5 Qc7 17.
Nxh8 Qxe5 18. Bg6+ Kf8 19. Qf3+ Nf6 20. g5 d4 21. gxf6 dxe3 22. fxg7+ 1-0

[Event "Coupe 2000 Phase Ligue"]
[Site "?"]
[Date "2003.02.23"]
[Round "3.44"]
[White "Gros, Eddie"]
[Black "Bastion, Gilles"]
[Result "0-1"]
[WhiteElo "1460"]
[BlackElo "1760"]
[PlyCount "110"]
[EventDate "2003.??.??"]

{MEXIMIEUX                   CASCOL    PARDON F   1700   0-1   VINCENT J-C  
1860    ERB Y   1720   1-0   MAS B   1650    MONTOYA A   1700   1-0   FAYOLLE
V   1620    BASTION G   1760   1-0   GROS E   1460     } 1. d3 e5 2. a3 Nf6 3.
e3 Be7 4. g3 O-O 5. Bg2 d5 6. h3 Be6 7. Ne2 Qd7 8. Nbc3 Nc6 9. e4 Rae8 10. g4
Nd4 11. g5 Nxe2 12. Qxe2 dxe4 13. gxf6 exd3 14. Qxd3 Bxf6 15. Qxd7 Bxd7 16.
Bxb7 Bf5 17. Be4 Be6 18. Be3 Rb8 19. O-O-O a6 20. Kb1 Be7 21. Ka1 f5 22. Bd5
Kf7 23. Bxe6+ Kxe6 24. f3 c6 25. Na4 a5 26. Bc5 Rb5 27. Bxe7 Kxe7 28. Rd2 e4
29. fxe4 fxe4 30. Re2 Rf4 31. Rhe1 Kf6 32. Rxe4 Rf2 33. Kb1 Rf3 34. Re6+ Kg5
35. Rxc6 Rxa3 36. Rc5+ Rxc5 37. Nxc5 Rxh3 38. Re5+ Kf6 39. Re6+ Kf5 40. Ra6 a4
41. Rxa4 g5 42. Nd3 Rh1+ 43. Ka2 Rf1 44. Ra5+ Kg4 45. b4 h5 46. b5 Rf5 47. c4
h4 48. c5 h3 49. c6 h2 50. c7 Rf8 51. Ra4+ Kh5 52. Nf2 Rxf2+ 53. Kb3 h1=Q 54.
c8=Q Qd1+ 55. Kb4 Rf4+ 0-1

[Event "Coupe 2000 Phase Ligue"]
[Site "?"]
[Date "2003.02.23"]
[Round "3.51"]
[White "Kizilian, Emmanuel"]
[Black "Poncet, Alain"]
[Result "1/2-1/2"]
[WhiteElo "1870"]
[BlackElo "1920"]
[PlyCount "40"]
[EventDate "2003.??.??"]

{PARTIES AU SYSTEME MOLTER    KIZILIAN E   1870 X-X   PONCET A   1920   
PUPIER T   1780 1-0   BREINL A   1499    BION N   1470 0-1   DAVARD C   1650  
  MURER J   1300 1-0   BARNES P   1490    DORAN N   1470 0-1   DEQUIDT A  
1660    FARGE D   1260 1F-0F    FORFAIT       } 1. d4 Nf6 2. Bg5 e6 3. Nf3 h6
4. Bh4 d5 5. e3 c5 6. c3 Nbd7 7. Bd3 Bd6 8. Nbd2 cxd4 9. cxd4 b6 10. e4 dxe4
11. Nxe4 Be7 12. O-O Bb7 13. Qe2 O-O 14. Bg3 Nxe4 15. Bxe4 Bxe4 16. Qxe4 Nf6
17. Qd3 Rc8 18. Rac1 Qd5 19. Qa6 Qa8 20. a4 Nd5 1/2-1/2

[Event "Coupe 2000 Phase Ligue"]
[Site "?"]
[Date "2003.02.23"]
[Round "3.52"]
[White "Pupier, Terry"]
[Black "Breinl, Alix"]
[Result "1-0"]
[WhiteElo "1780"]
[BlackElo "1499"]
[PlyCount "87"]
[EventDate "2003.??.??"]

{PARTIES AU SYSTEME MOLTER    KIZILIAN E   1870 X-X   PONCET A   1920   
PUPIER T   1780 1-0   BREINL A   1499    BION N   1470 0-1   DAVARD C   1650  
  MURER J   1300 1-0   BARNES P   1490    DORAN N   1470 0-1   DEQUIDT A  
1660    FARGE D   1260 1F-0F    FORFAIT       } 1. e4 c5 2. Nf3 e6 3. d4 cxd4
4. Nxd4 Nc6 5. Nc3 Nf6 6. f4 d6 7. Be3 Be7 8. Qf3 O-O 9. Bc4 a6 10. Bb3 e5 11.
Nxc6 bxc6 12. f5 Bb7 13. O-O-O Qc7 14. g4 h6 15. h4 Nh7 16. Qh3 Kh8 17. g5 h5
18. Rhf1 Qd7 19. Qf3 g6 20. f6 Bd8 21. Rd3 Bc7 22. Rfd1 Rfd8 23. Na4 Qe8 24.
Nb6 Rab8 25. R1d2 Ba8 26. Qf2 Nf8 27. Ba4 Bb7 28. Nd5 Ba5 29. c3 Rd7 30. Nb6
Bxb6 31. Bxb6 Ba8 32. Rxd6 Rxd6 33. Rxd6 Qc8 34. Rd8 Qb7 35. Rxb8 Qxb8 36. Bb3
Nd7 37. Bc5 Kg8 38. Bc4 Qc8 39. Bd6 c5 40. Bd3 Qc6 41. Be7 Qe6 42. b3 Qc6 43.
Qe2 a5 44. Bb5 1-0

[Event "Coupe 2000 Phase Ligue"]
[Site "?"]
[Date "2003.02.23"]
[Round "3.53"]
[White "Bion, Nicolas"]
[Black "Davard, Christophe"]
[Result "0-1"]
[WhiteElo "1470"]
[BlackElo "1650"]
[PlyCount "92"]
[EventDate "2003.??.??"]

{PARTIES AU SYSTEME MOLTER    KIZILIAN E   1870 X-X   PONCET A   1920   
PUPIER T   1780 1-0   BREINL A   1499    BION N   1470 0-1   DAVARD C   1650  
  MURER J   1300 1-0   BARNES P   1490    DORAN N   1470 0-1   DEQUIDT A  
1660    FARGE D   1260 1F-0F    FORFAIT       } 1. Nf3 g6 2. d4 Bg7 3. e4 b6 4.
d5 Bb7 5. e5 Nh6 6. Bf4 O-O 7. Nc3 d6 8. Qd2 Ng4 9. Qe2 dxe5 10. Nxe5 Nxe5 11.
Bxe5 Nd7 12. Bxg7 Kxg7 13. O-O-O Nf6 14. Qf3 Qc8 15. g3 e6 16. Bh3 Qe8 17. Rhe1
Rd8 18. Ne4 Nxe4 19. Qxe4 Bxd5 20. Qe5+ Kg8 21. Qxc7 Qa4 22. a3 Rc8 23. Qxc8
Rxc8 24. c3 Rc4 25. Bf1 Re4 26. Be2 Bc4 27. Bxc4 Rxe1 28. Rxe1 Qxc4 29. Rd1 Kg7
30. f3 Qe2 31. Rd2 Qxf3 32. Kc2 h5 33. Kb3 e5 34. a4 e4 35. Rd4 e3 36. Rd3 Qf2
37. Kb4 e2 38. Kb5 Qc5+ 39. Ka6 Qc4+ 40. Kxa7 Qxd3 41. Kxb6 Qc4 42. a5 Qb3+ 43.
Kc6 Qxb2 44. a6 Qxc3+ 45. Kb7 e1=R 46. a7 Rb1+ 0-1

[Event "Coupe 2000 Phase Ligue"]
[Site "?"]
[Date "2003.02.23"]
[Round "3.54"]
[White "Murer, Jacques"]
[Black "Barnes, Pierrick"]
[Result "1-0"]
[WhiteElo "1300"]
[BlackElo "1490"]
[PlyCount "73"]
[EventDate "2003.??.??"]

{PARTIES AU SYSTEME MOLTER    KIZILIAN E   1870 X-X   PONCET A   1920   
PUPIER T   1780 1-0   BREINL A   1499    BION N   1470 0-1   DAVARD C   1650  
  MURER J   1300 1-0   BARNES P   1490    DORAN N   1470 0-1   DEQUIDT A  
1660    FARGE D   1260 1F-0F    FORFAIT       } 1. d4 d5 2. e3 e6 3. Bd3 c5 4.
c3 Nf6 5. Nd2 Nc6 6. f4 c4 7. Bc2 Bd6 8. Ngf3 O-O 9. Ne5 Qc7 10. O-O Nd7 11.
Qh5 f5 12. Ndf3 Nf6 13. Qh4 Be7 14. Qe1 Nxe5 15. Nxe5 b6 16. Rf3 Ne4 17. Rh3
Bb7 18. g4 fxg4 19. Nxg4 Rf5 20. Bxe4 dxe4 21. Qg3 Raf8 22. Nh6+ Kh8 23. Nxf5
Rxf5 24. Bd2 Qd6 25. Rf1 Bf6 26. Be1 a5 27. Qg2 b5 28. a3 Qd5 29. Bh4 Bc6 30.
Kh1 Qd6 31. Rg1 g6 32. Bxf6+ Rxf6 33. Qg5 Rf5 34. Qh6 Qc7 35. Rxg6 Bd5 36. Rhg3
Qf7 37. Rg7 1-0

[Event "Coupe 2000 Phase Ligue"]
[Site "?"]
[Date "2003.02.23"]
[Round "3.55"]
[White "Doran, Niall"]
[Black "Dequidt, Adrien"]
[Result "0-1"]
[WhiteElo "1470"]
[BlackElo "1660"]
[PlyCount "52"]
[EventDate "2003.??.??"]

{PARTIES AU SYSTEME MOLTER    KIZILIAN E   1870 X-X   PONCET A   1920   
PUPIER T   1780 1-0   BREINL A   1499    BION N   1470 0-1   DAVARD C   1650  
  MURER J   1300 1-0   BARNES P   1490    DORAN N   1470 0-1   DEQUIDT A  
1660    FARGE D   1260 1F-0F    FORFAIT       } 1. e4 e5 2. Nf3 d6 3. d4 Nd7 4.
dxe5 dxe5 5. Bc4 c6 6. O-O Be7 7. Nc3 Ngf6 8. Re1 O-O 9. Bg5 b5 10. Bb3 Qc7 11.
a4 b4 12. Ne2 Bc5 13. Ng3 Ng4 14. Qd2 Bxf2+ 15. Kh1 Bxe1 16. Rxe1 Nc5 17. h3
Nxb3 18. cxb3 f6 19. hxg4 fxg5 20. Qxg5 Ba6 21. Nf5 Rf6 22. Nxe5 Re8 23. Nxc6
Rxc6 24. Rd1 Be2 25. Rd2 Rc1+ 26. Rd1 Rxd1# 0-1